1735 1122 1448 1948 1129 1759 1238 1570 1782 1970 1739 1641 1216 1699 1702 1182 1574 1748 1526 1733 1062 1560 1690 1783 1706 1289 1601 1751 1753 1670 1197 1893 1157 1795 1336 1338 1018 1699 1027 1179 1233 1178 1399 1652 1377 1607 1174 1347 1139 1014 1669 1874 1251 1394 1053 1012 1041 1120 1120 1592 1093 1072 1699 1599 1561 1313 1966 1917 1760 1496 1885 1099 1700 1367 1991 1318 1158 1351 1811 1694 1562 1602 1194 1745 1830 1767 1749 1640 1084 1269 1967 1159 1978 1981 1460 1160 1682 1550 1280 BCNSPRNW ULIB Ver.6.0+V

เปลี่ยนเป็นภาษาไทย

Change to English
 แสดงรายละเอียดบรรณานุกรม
  กลับหน้าหลัก

Brief Record : Get Marc (ISO 2709) : E-mail record : QR code < ปิดหน้าต่าง
LEADER : 00000nam 2200000uu 4500
001    13399123226
003     ULIB
008    020711s2553 th a 000 0 tha d
050 14 LB1027^bส111ค
110    กระทรวงการท่องเที่ยวและกีฬา.^bกรมพลศึกษา.^bสถาบันพัฒนาบุคลากรการพลศึกษาและการกีฬา.
245    คู่มือผู้ฝึกสอนกีฬาวอลเลย์บอลชายหาด/^cสถาบันพัฒนาบุคลากรการพลศึกษาและการกีฬา
260    กรุงเทพฯ :^bโรงพิมพ์สหกรณ์การเกษตรแห่งประเทศไทย,^c2553
300    131 หน้า;^b26 ซม.
650    วอลเลย์บอลชายหาด
945    ^p0^l0^i20357
999    ^aทศพร เกษรทอง
รายการนี้ยังไม่มีแท็ก
คุณยังไม่ได้ล็อกอิน คุณสามารถมีกิจกรรมร่วมกับเว็บไซต์ได้ แต่ต้องล็อกอินก่อน ::
  ล็อกอิน

รายการสื่อสารสนเทศ

ลำดับที่ ประเภท เลขเรียก/บาร์โค้ด สถานที่ สถานะ
1. การศึกษาทั่วไป
การศึกษาทั่วไป
LB1027 ส111ค ฉ.1 
  Barcode: 20357
ห้องสมุดวิทยาเขตนครสวรรค์
►หนังสือทั่วไป:l:General Books
บนชั้น
Note:อภินันทนาการ

รายการใกล้เคียง
    หัวเรื่อง [วอลเลย์บอลชายหาด]

BibComment


ยังไม่เคยถูกคอมเมนท์

คอมเมนท์ทรัพยากรรายการนี้
  คอมเมนท์: คู่มือผู้ฝึกสอนกี..


 Copyright 2026. Bcnsprnw @Library